| 000 | 00834nam a2200277 a 4500 | ||
|---|---|---|---|
| 001 | 51865 | ||
| 003 | BD-RjUL | ||
| 005 | 20211209075725.0 | ||
| 008 | 160904s1961 enk b 001 0 eng | ||
| 035 | _a(BD-RjUL) 51985 | ||
| 040 |
_aDLC _cDLC _dDLC _dBD-RjUL _beng |
||
| 041 | _aeng | ||
| 082 | 0 | 0 |
_a519.57 _223 _bGRI 1961 |
| 100 | 1 | 0 |
_aGraybill, Franklin A. _9155143 |
| 245 | 1 | 3 |
_aAn introduction to linear statistical models / _cFranklin A. Graybill |
| 260 |
_aNew York : _bMcGraw-Hill, _cc1961 |
||
| 300 |
_av. 1 _c24 cm. |
||
| 490 | 0 | _aMcGraw-Hill series in probability and statistics | |
| 500 | _aIncludes index | ||
| 505 | _aVol. 1 | ||
| 650 | 0 |
_aStatistics. _9155144 |
|
| 650 | 0 |
_aExperimental design. _9155145 |
|
| 856 | _3McGraw-Hill series in probability and statistics | ||
| 942 |
_2ddc _cBK |
||
| 999 |
_c51865 _d51865 |
||